[Event "DVM U20w 2017"]
[Site "Düsseldorf GER"]
[Date "2017.12.30"]
[Round "7"]
[White "Bosse, Lea"]
[Black "Mylke, Sandy-Michelle"]
[Result "1-0"]
[Termination "normal"]
[Board "3.4"]
[WhiteElo "1702"]
[BlackElo "1350"]
[WhiteTeam "Spvgg 1946 Stetten"]
[BlackTeam "Leegebrucher SF"]
[PlyCount "85"]
[WhiteFideId "12900419"]
[BlackFideId "16235045"]
[EventCountry "GER"]
[EventRounds "7"]
[EventType "team-round robin"]
[EventDate "2017.12.26"]

1. e4 e5 2. Nf3 Nc6 3. d4 exd4 4. Bc4 Nge7 5. Bg5 d6 6. h3 Ne5 7. Bb3 b6 8.
Nxd4 Bb7 9. Ba4+ c6 10. f4 f6 11. fxe5 fxg5 12. e6 a6 13. Qf3 Nf5 14. Qxf5 Qf6
15. Qxf6 gxf6 16. Bxc6+ Bxc6 17. Nxc6 Rc8 18. Nd4 Be7 19. Nc3 b5 20. Nd5 a5 21.
Nf5 Bf8 22. O-O-O h5 23. e7 Bxe7 24. Ndxe7 Rd8 25. Nc6 Rd7 26. Nxd6+ Kf8 27.
Nxb5 Ke8 28. e5 fxe5 29. Rxd7 Kxd7 30. Nxe5+ Ke6 31. Re1 Kd5 32. Nf7 Rb8 33.
Nc3+ Kc4 34. Re5 Rf8 35. Nd6+ Kd4 36. Rd5+ Ke3 37. Rd3+ Kf2 38. Nde4+ Kg1 39.
g4 h4 40. Nxg5 Kg2 41. Rd2+ Kg3 42. Nce4+ Kf4 43. Rf2+ 1-0

[Event "DVM U20w 2017"]
[Site "Düsseldorf GER"]
[Date "2017.12.30"]
[Round "7"]
[White "Miljkovic, Jovana"]
[Black "Lohrmann, Tabea"]
[Result "1-0"]
[Termination "normal"]
[Board "4.1"]
[WhiteTitle "WFM"]
[WhiteElo "1882"]
[BlackElo "1694"]
[WhiteTeam "SV Lingen"]
[BlackTeam "SK Endingen"]
[PlyCount "23"]
[WhiteFideId "958336"]
[BlackFideId "12911941"]
[EventCountry "GER"]
[EventRounds "7"]
[EventType "team-round robin"]
[EventDate "2017.12.26"]

1. Nf3 Nf6 2. c4 c5 3. Nc3 Ng4 4. h3 Nf6 5. e3 d5 6. cxd5 Nxd5 7. Bc4 Nc7 8.
Ne5 e6 9. O-O Bd6 10. f4 f6 11. Qh5+ g6 12. Nxg6 1-0

[Event "DVM U20w 2017"]
[Site "Düsseldorf GER"]
[Date "2017.12.30"]
[Round "7"]
[White "Schneider, Xenia"]
[Black "Schlichter, Lisa"]
[Result "0-1"]
[Termination "normal"]
[Board "4.2"]
[WhiteElo "1320"]
[BlackElo "1669"]
[WhiteTeam "SK Endingen"]
[BlackTeam "SV Lingen"]
[PlyCount "120"]
[WhiteFideId "12911984"]
[BlackFideId "12926396"]
[EventCountry "GER"]
[EventRounds "7"]
[EventType "team-round robin"]
[EventDate "2017.12.26"]

1. e4 c5 2. Nf3 Nc6 3. d4 cxd4 4. Nxd4 g6 5. Bf4 Bg7 6. c3 Qb6 7. Nb5 Ne5 8.
Be3 Qa5 9. Qd5 Qd8 10. Bc4 a6 11. Bd4 axb5 12. Bxe5 bxc4 13. Bxg7 Nf6 14. Qxc4
Rg8 15. Bh6 d6 16. b3 Be6 17. Qb4 Qc7 18. Bd2 Qc6 19. f3 Nd7 20. c4 Nc5 21. Qc3
Qb6 22. Be3 Qc6 23. Nd2 f6 24. h4 h5 25. Kf2 Kf7 26. Qd4 Qc8 27. Nb1 Ra6 28.
Nc3 Ra8 29. Nd5 Bxd5 30. cxd5 Qd7 31. Rhc1 Rgc8 32. Qd2 Qb5 33. Rc3 Qb4 34.
Rac1 Qb5 35. R1c2 b6 36. Bxc5 dxc5 37. Qh6 Rh8 38. Qd2 Rhd8 39. Rd3 Qd7 40. Ke3
Ra7 41. a4 Qd6 42. Kf2 Qh2 43. Rc4 Qxh4+ 44. g3 Qh2+ 45. Ke3 Qxg3 46. Rc1 g5
47. Qf2 Qf4+ 48. Ke2 Qxc1 49. Qh2 Rh8 50. Qh3 Qb2+ 51. Rd2 Qe5 52. Ke3 Kg7 53.
Rd3 Raa8 54. Qd7 Qd6 55. Qh3 Rag8 56. Ke2 Kf7 57. Qg2 g4 58. Kd2 Qf4+ 59. Kc3
gxf3 60. Rxf3 Qe5+ 0-1

[Event "DVM U20w 2017"]
[Site "Düsseldorf GER"]
[Date "2017.12.30"]
[Round "7"]
[White "Möller, Hannah"]
[Black "Wagner, Lena"]
[Result "1-0"]
[Termination "normal"]
[Board "4.3"]
[WhiteElo "1636"]
[BlackElo "1259"]
[WhiteTeam "SV Lingen"]
[BlackTeam "SK Endingen"]
[PlyCount "129"]
[WhiteFideId "1270514"]
[BlackFideId "12983470"]
[EventCountry "GER"]
[EventRounds "7"]
[EventType "team-round robin"]
[EventDate "2017.12.26"]

1. Nf3 d5 2. g3 Nc6 3. d4 Nf6 4. Bg2 Bf5 5. O-O g6 6. c4 Bg7 7. Nc3 e6 8. Qb3
Rb8 9. Bf4 O-O 10. cxd5 exd5 11. Qd1 a6 12. Rc1 Re8 13. Ne5 Re6 14. Na4 Qe8 15.
Nc5 Re7 16. Nxa6 Ra8 17. Nxc6 bxc6 18. Nxc7 Qd8 19. Nxa8 Qxa8 20. a3 h6 21. Qd2
g5 22. Be5 Ne4 23. Bxe4 Bxe4 24. Bxg7 Kxg7 25. Qb4 Qe8 26. Qc3 Rc7 27. b4 Bf5
28. Rfe1 Kg6 29. b5 Bd7 30. a4 Qa8 31. a5 Kf6 32. a6 Rc8 33. bxc6 Bxc6 34. Qa5
Qa7 35. Rc5 Ke6 36. Rec1 Kd6 37. Kg2 f5 38. Rxc6+ Rxc6 39. Qd8+ Qd7 40. Qf6+
Kc7 41. Rxc6+ Qxc6 42. Qxc6+ Kxc6 43. Kf3 Kb6 44. g4 f4 45. e4 fxe3 46. fxe3
Kxa6 47. e4 dxe4+ 48. Kxe4 Kb6 49. Ke5 Kc7 50. Ke6 Kd8 51. d5 Ke8 52. d6 Kd8
53. d7 h5 54. gxh5 g4 55. h6 g3 56. hxg3 Kc7 57. h7 Kd8 58. h8=Q+ Kc7 59. Qc8+
Kb6 60. Qc4 Kb7 61. Qc5 Kb8 62. Qc6 Ka7 63. Qb5 Ka8 64. d8=Q+ Ka7 65. Qdb8# 1-0

[Event "DVM U20w 2017"]
[Site "Düsseldorf GER"]
[Date "2017.12.30"]
[Round "7"]
[White "Wagner, Anna"]
[Black "Schäfer, Leonie"]
[Result "1-0"]
[Termination "normal"]
[Board "4.4"]
[WhiteElo "1297"]
[BlackElo "1395"]
[WhiteTeam "SK Endingen"]
[BlackTeam "SV Lingen"]
[PlyCount "35"]
[WhiteFideId "12983489"]
[BlackFideId "16241851"]
[EventCountry "GER"]
[EventRounds "7"]
[EventType "team-round robin"]
[EventDate "2017.12.26"]

1. e4 g6 2. Nf3 Bg7 3. Nc3 d6 4. Bc4 Nf6 5. d4 Bg4 6. Bf4 O-O 7. O-O Nfd7 8. e5
dxe5 9. dxe5 Bxf3 10. Qxf3 Nxe5 11. Bxe5 Bxe5 12. Rad1 Qc8 13. Rfe1 Bf6 14. Nd5
Nc6 15. Nxf6+ exf6 16. Qxf6 Qg4 17. b3 Rae8 18. Bxf7+ 1-0